[Event "2016 Zone 4.3 Individual Chess Championships - Open"]
[Site "Hotel Riu Le Morne, Mauritius"]
[Date "2016.04.26"]
[Round "4"]
[Board "7"]
[White "SAWMYNADEN, Righen Peroumal"]
[Black "CHINASAMY, Devarajen"]
[Result "1-0"]
[WhiteElo "1694"]
[BlackElo "2030"]
[PlyCount "75"]
[EventDate "2016.04.24"]
[EventRounds "9"]
[EventCountry "MRI"]

1. d4 Nf6 2. c4 e6 3. Nf3 Bb4+ 4. Nbd2 O-O 5. a3 Bxd2+ 6. Bxd2 Nc6 7. Bf4 d6 8.
e3 Qe7 9. Be2 h6 10. b4 e5 11. Bg3 exd4 12. Nxd4 Bd7 13. O-O Ne4 14. Nxc6 bxc6
15. Bf3 a5 16. Qd4 Ng5 17. Be2 Ne4 18. Bd3 Nxg3 19. hxg3 Rfe8 20. Qc3 Qe5 21.
Qxe5 Rxe5 22. Rfb1 Kf8 23. Kf1 Bg4 24. Ke1 Rh5 25. Be2 Rh1+ 26. Kd2 Rxb1 27.
Rxb1 Bf5 28. Bd3 Bxd3 29. Kxd3 axb4 30. axb4 Ra2 31. Rf1 Ke7 32. g4 Kf6 33. g3
Kg5 34. f3 Ra3+ 35. Kd4 Kf6 36. b5 c5+ 37. Kd5 Ra7 38. Kc6 1-0

[Event "2016 Zone 4.3 Individual Chess Championships - Open"]
[Site "Hotel Riu Le Morne, Mauritius"]
[Date "2016.04.27"]
[Round "5"]
[Board "1"]
[White "SOARES, Erikson"]
[Black "DOMINGOS, Paulino"]
[Result "1/2-1/2"]
[WhiteElo "2265"]
[BlackElo "2178"]
[PlyCount "44"]
[EventDate "2016.04.24"]
[EventRounds "9"]
[EventCountry "MRI"]

1. Nf3 d5 2. g3 c5 3. Bg2 Nc6 4. d4 Nf6 5. O-O e6 6. c4 Be7 7. Nc3 dxc4 8. Qa4
O-O 9. dxc5 Bxc5 10. Qxc4 Qa5 11. a3 e5 12. Ne4 Be7 13. b4 Qd8 14. Bb2 Be6 15.
Qc2 Nxe4 16. Qxe4 f5 17. Qe3 e4 18. Rad1 Qc8 19. Nd4 Nxd4 20. Bxd4 a5 21. Rc1
Qd7 22. bxa5 Rxa5 1/2-1/2

[Event "2016 Zone 4.3 Individual Chess Championships - Open"]
[Site "Hotel Riu Le Morne, Mauritius"]
[Date "2016.04.27"]
[Round "5"]
[Board "2"]
[White "VAN RENSBURG, Ryan Pierre"]
[Black "PHILLIPS, Roy"]
[Result "1/2-1/2"]
[WhiteElo "2178"]
[BlackElo "2223"]
[PlyCount "36"]
[EventDate "2016.04.24"]
[EventRounds "9"]
[EventCountry "MRI"]

1. d4 g6 2. c4 Bg7 3. e4 d6 4. Nc3 a6 5. Be3 c6 6. Bd3 b5 7. Nge2 Nf6 8. f3
Nbd7 9. Qd2 O-O 10. Rc1 e5 11. d5 bxc4 12. Bxc4 c5 13. O-O Kh8 14. g4 Ng8 15.
Ng3 Qh4 16. Kg2 f6 17. Bd3 Bh6 18. Nd1 Bg5 1/2-1/2

[Event "2016 Zone 4.3 Individual Chess Championships - Open"]
[Site "Hotel Riu Le Morne, Mauritius"]
[Date "2016.04.27"]
[Round "5"]
[Board "3"]
[White "SILVA, David"]
[Black "ALBERTO, Manuel"]
[Result "0-1"]
[WhiteElo "2342"]
[BlackElo "2195"]
[PlyCount "42"]
[EventDate "2016.04.24"]
[EventRounds "9"]
[EventCountry "MRI"]

1. e4 e5 2. d4 exd4 3. Qxd4 Nc6 4. Qe3 Nf6 5. Nc3 Bb4 6. Bd2 O-O 7. O-O-O Re8
8. Qg3 Nxe4 9. Nxe4 Rxe4 10. c3 Bf8 11. Bd3 Ra4 12. f4 d5 13. Nf3 Qf6 14. Ng5
Bf5 15. Qf3 h6 16. h4 Rxa2 17. Kb1 Nb4 18. Ne4 dxe4 19. Bxe4 Qa6 20. cxb4 Ra1+
21. Kc2 Qc4+ 0-1

[Event "2016 Zone 4.3 Individual Chess Championships - Open"]
[Site "Hotel Riu Le Morne, Mauritius"]
[Date "2016.04.27"]
[Round "5"]
[Board "4"]
[White "GAEALAFSHWE, Barileng"]
[Black "JOTEE, Ashvin"]
[Result "1-0"]
[WhiteElo "2203"]
[BlackElo "1729"]
[PlyCount "60"]
[EventDate "2016.04.24"]
[EventRounds "9"]
[EventCountry "MRI"]

1. Nf3 e6 2. d4 Nf6 3. c4 Bb4+ 4. Nbd2 O-O 5. e3 b6 6. Bd3 Bb7 7. O-O d5 8. a3
Bxd2 9. Qxd2 dxc4 10. Bxc4 Nbd7 11. Qe2 Qe7 12. b4 Bd5 13. Bd3 Ne4 14. Bb2 c5
15. Ne5 Nxe5 16. dxe5 cxb4 17. axb4 h6 18. f3 Ng5 19. e4 Bb7 20. b5 Rfd8 21.
Ba3 Qd7 22. Bd6 f6 23. Bc4 fxe5 24. Bxe5 Kh7 25. Qa2 Qe7 26. Bg3 Bc8 27. Qa3
Qxa3 28. Rxa3 Rd4 29. Rc1 Nf7 30. Be2 Rd2 1-0

[Event "2016 Zone 4.3 Individual Chess Championships - Open"]
[Site "Hotel Riu Le Morne, Mauritius"]
[Date "2016.04.27"]
[Round "5"]
[Board "5"]
[White "RALISON, Milanto Harifidy"]
[Black "KOSTER, Jeroen Louis"]
[Result "1/2-1/2"]
[WhiteElo "2132"]
[BlackElo "1866"]
[PlyCount "58"]
[EventDate "2016.04.24"]
[EventRounds "9"]
[EventCountry "MRI"]

1. e4 c5 2. Nf3 g6 3. c4 Bg7 4. d4 cxd4 5. Nxd4 Nc6 6. Be3 e6 7. Nc3 Nge7 8.
Ndb5 O-O 9. f4 d5 10. cxd5 exd5 11. exd5 Nf5 12. Bf2 Re8+ 13. Be2 Na5 14. O-O
a6 15. Nd4 Ne3 16. Bxe3 Rxe3 17. Kh1 b5 18. Qd2 Re8 19. b4 Nc4 20. Bxc4 bxc4
21. Rad1 Qb6 22. Na4 Qd6 23. Qc3 Bb7 24. Qxc4 Bxd5 25. Qc5 Qxc5 26. bxc5 Rac8
27. Nb6 Be4 28. h3 Bf8 29. Rfe1 f5 1/2-1/2

[Event "2016 Zone 4.3 Individual Chess Championships - Open"]
[Site "Hotel Riu Le Morne, Mauritius"]
[Date "2016.04.27"]
[Round "5"]
[Board "6"]
[White "JULIO, Joao Do Santos"]
[Black "MARIE, Patrick"]
[Result "1-0"]
[WhiteElo "2111"]
[BlackElo "2065"]
[PlyCount "66"]
[EventDate "2016.04.24"]
[EventRounds "9"]
[EventCountry "MRI"]

1. e4 c5 2. Nf3 Nc6 3. d4 cxd4 4. Nxd4 Nf6 5. Nc3 g6 6. Nxc6 bxc6 7. e5 Nd5 8.
Nxd5 cxd5 9. Qxd5 Rb8 10. e6 f6 11. Bb5 Rb6 12. Bf4 Rxe6+ 13. Qxe6 a6 14. Ba4
Qa5+ 15. c3 Qxa4 16. Qe3 Qb5 17. Qe2 Qxe2+ 18. Kxe2 e5 19. Be3 d5 20. Rad1 Bb7
21. f3 Bd6 22. Rhe1 Kf7 23. g3 Rc8 24. f4 e4 25. Bd4 f5 26. b3 a5 27. Kd2 Ke6
28. Bb6 a4 29. bxa4 Rc4 30. a5 Ra4 31. Ra1 Ba6 32. a3 Kd7 33. Reb1 Bxa3 1-0

[Event "2016 Zone 4.3 Individual Chess Championships - Open"]
[Site "Hotel Riu Le Morne, Mauritius"]
[Date "2016.04.27"]
[Round "5"]
[Board "7"]
[White "GOORSAHYE, Antoine"]
[Black "SAWMYNADEN, Righen Peroumal"]
[Result "0-1"]
[WhiteElo "1715"]
[BlackElo "1694"]
[PlyCount "37"]
[EventDate "2016.04.24"]
[EventRounds "9"]
[EventCountry "MRI"]

1. e4 e5 2. Nf3 Nc6 3. d4 exd4 4. c3 dxc3 5. Nxc3 Bb4 6. Bc4 Nge7 7. O-O Bxc3
8. bxc3 O-O 9. Bg5 h6 10. Bh4 d6 11. Qc2 Qe8 12. Nd4 Ne5 13. Be2 N7g6 14. Bg3
Qd8 15. a3 Nd7 16. f4 Nc5 17. Rad1 Bd7 18. e5 Ba4 19. Nb3 0-1

[Event "2016 Zone 4.3 Individual Chess Championships - Open"]
[Site "Hotel Riu Le Morne, Mauritius"]
[Date "2016.04.27"]
[Round "6"]
[Board "1"]
[White "GAEALAFSHWE, Barileng"]
[Black "SOARES, Erikson"]
[Result "0-1"]
[WhiteElo "2203"]
[BlackElo "2265"]
[PlyCount "48"]
[EventDate "2016.04.24"]
[EventRounds "9"]
[EventCountry "MRI"]

1. Nf3 d5 2. d4 Nf6 3. c4 e6 4. Nc3 c6 5. Bg5 Nbd7 6. e3 Bb4 7. Nd2 O-O 8. Be2
Qa5 9. Qc2 Ne4 10. Ndxe4 dxe4 11. Bh4 e5 12. O-O f5 13. a3 Bxc3 14. bxc3 h6 15.
f3 exf3 16. Rxf3 e4 17. Rff1 Nb6 18. Be7 Rf7 19. Bd6 Be6 20. c5 Nd5 21. Bc4
Nxe3 22. Bxe6 Nxc2 23. Bxf7+ Kxf7 24. Rxf5+ Kg6 0-1

[Event "2016 Zone 4.3 Individual Chess Championships - Open"]
[Site "Hotel Riu Le Morne, Mauritius"]
[Date "2016.04.27"]
[Round "6"]
[Board "2"]
[White "PHILLIPS, Roy"]
[Black "ALBERTO, Manuel"]
[Result "0-1"]
[WhiteElo "2223"]
[BlackElo "2195"]
[PlyCount "52"]
[EventDate "2016.04.24"]
[EventRounds "9"]
[EventCountry "MRI"]

1. g3 d5 2. Bg2 e5 3. d3 c6 4. Nf3 Bd6 5. e4 Nf6 6. Nc3 dxe4 7. dxe4 O-O 8. O-O
Na6 9. h3 Be6 10. Nh4 Re8 11. Qf3 Nd7 12. Nf5 Bxf5 13. exf5 Bf8 14. a3 Nb6 15.
b3 Nc5 16. Bb2 Qd2 17. Rac1 e4 18. Qg4 e3 19. fxe3 Nd3 20. cxd3 Qxb2 21. f6 g6
22. h4 Bh6 23. Ne4 Bxe3+ 24. Kh1 Bxc1 25. h5 Re5 26. hxg6 hxg6 0-1

[Event "2016 Zone 4.3 Individual Chess Championships - Open"]
[Site "Hotel Riu Le Morne, Mauritius"]
[Date "2016.04.27"]
[Round "6"]
[Board "3"]
[White "DOMINGOS, Paulino"]
[Black "VAN RENSBURG, Ryan Pierre"]
[Result "0-1"]
[WhiteElo "2178"]
[BlackElo "2178"]
[PlyCount "85"]
[EventDate "2016.04.24"]
[EventRounds "9"]
[EventCountry "MRI"]

1. e4 c5 2. Nf3 Nc6 3. c3 Nf6 4. e5 Nd5 5. d4 cxd4 6. cxd4 e6 7. Nc3 Nxc3 8.
bxc3 d6 9. exd6 Bxd6 10. Bd3 e5 11. O-O O-O 12. Bg5 Qc7 13. h3 h6 14. Be3 Re8
15. Qc2 exd4 16. cxd4 Nb4 17. Qxc7 Bxc7 18. Rfc1 Bd6 19. Bb5 Re7 20. Bc4 Bf5
21. Ne1 Be4 22. a3 Nd5 23. Bd2 Nf4 24. Bb4 Rd8 25. f3 Bd5 26. Bxd5 Nxd5 27.
Bxd6 Rxd6 28. Rc8+ Kh7 29. Rac1 Rdd7 30. Nd3 Nb6 31. Nc5 Rxd4 32. Rb8 Rc4 33.
Rxc4 Nxc4 34. Nxb7 Nxa3 35. Na5 Rc7 36. Nb3 Nc4 37. Nd4 Rd7 38. Nc6 Rc7 39. Nd4
Rd7 40. Nb5 a5 41. Ra8 Rd1+ 42. Kh2 Ra1 43. Nc3 0-1

[Event "2016 Zone 4.3 Individual Chess Championships - Open"]
[Site "Hotel Riu Le Morne, Mauritius"]
[Date "2016.04.27"]
[Round "6"]
[Board "4"]
[White "SILVA, David"]
[Black "SAWMYNADEN, Righen Peroumal"]
[Result "1-0"]
[WhiteElo "2342"]
[BlackElo "1694"]
[PlyCount "81"]
[EventDate "2016.04.24"]
[EventRounds "9"]
[EventCountry "MRI"]

1. e4 e5 2. Nf3 Nc6 3. Bc4 Be7 4. d4 d6 5. dxe5 dxe5 6. Qxd8+ Bxd8 7. Nc3 Nf6
8. Be3 O-O 9. Bc5 Re8 10. Ng5 Be6 11. Nxe6 fxe6 12. a3 Nd7 13. Be3 Nd4 14.
O-O-O Bf6 15. Ba2 a6 16. Rhe1 Rad8 17. Ne2 Nf8 18. Ng3 Ng6 19. c3 Nc6 20. Nh5
Kf7 21. g3 Rxd1+ 22. Rxd1 Rd8 23. Rf1 h6 24. Nxf6 Kxf6 25. Kc2 Re8 26. f4 exf4
27. gxf4 Nf8 28. Kd2 Kg6 29. Ke2 Kh7 30. Bc5 Nd7 31. Be3 Nf6 32. Rd1 Rd8 33.
Rxd8 Nxd8 34. Bc5 Ng8 35. Kf3 b6 36. Bf2 g5 37. fxg5 hxg5 38. Bg3 g4+ 39. Kxg4
Nf6+ 40. Kf3 Ne8 41. Bh4 1-0

[Event "2016 Zone 4.3 Individual Chess Championships - Open"]
[Site "Hotel Riu Le Morne, Mauritius"]
[Date "2016.04.27"]
[Round "6"]
[Board "5"]
[White "JOTEE, Ashvin"]
[Black "KOSTER, Jeroen Louis"]
[Result "0-1"]
[WhiteElo "1729"]
[BlackElo "1866"]
[PlyCount "89"]
[EventDate "2016.04.24"]
[EventRounds "9"]
[EventCountry "MRI"]

1. c4 c5 2. Nf3 Nc6 3. d4 cxd4 4. Nxd4 Nf6 5. Nc3 g6 6. e4 Bg7 7. Be3 d6 8. Be2
O-O 9. O-O Ne8 10. Qd2 Nc7 11. f4 f5 12. Bf3 fxe4 13. Bxe4 Bd7 14. Rad1 Qe8 15.
Nd5 Nxd5 16. Bxd5+ Kh8 17. Ne6 Bxe6 18. Bxe6 b6 19. a3 Nd8 20. Bh3 Qa4 21. Qe2
Nf7 22. Bd4 e5 23. Bc3 Rae8 24. Qd3 Qc6 25. fxe5 Nxe5 26. Rxf8+ Rxf8 27. Qxd6
Qxd6 28. Rxd6 Nxc4 29. Bxg7+ Kxg7 30. Rd7+ Rf7 31. Rxf7+ Kxf7 32. Bd7 Nxb2 33.
Bb5 Nd1 34. Kf1 Ne3+ 35. Kf2 Nc2 36. a4 Ke7 37. h4 Nd4 38. Bc4 Kd6 39. g4 h6
40. Kg3 Ke5 41. Bd3 g5 42. hxg5 hxg5 43. Ba6 Kd5 44. Bb7+ Ke6 45. Bc8+ 0-1

[Event "2016 Zone 4.3 Individual Chess Championships - Open"]
[Site "Hotel Riu Le Morne, Mauritius"]
[Date "2016.04.27"]
[Round "6"]
[Board "7"]
[White "CHINASAMY, Devarajen"]
[Black "RALISON, Milanto Harifidy"]
[Result "0-1"]
[WhiteElo "2030"]
[BlackElo "2132"]
[PlyCount "100"]
[EventDate "2016.04.24"]
[EventRounds "9"]
[EventCountry "MRI"]

1. e4 c5 2. Nc3 d6 3. f4 Nf6 4. Nf3 e6 5. Bb5+ Nbd7 6. O-O a6 7. Bxd7+ Nxd7 8.
d3 Be7 9. Qe1 b5 10. Qg3 Bf6 11. Kh1 b4 12. Nd1 g6 13. Ne3 Nb6 14. e5 Bg7 15.
exd6 Qxd6 16. Ne5 Bb7 17. N5c4 Nxc4 18. Nxc4 Qc7 19. a3 h5 20. h3 a5 21. axb4
axb4 22. Rxa8+ Bxa8 23. Be3 O-O 24. Qf2 Rc8 25. b3 Bd5 26. Ne5 Bf8 27. Kg1 Ra8
28. Qg3 Bg7 29. Qf2 Ra2 30. Nc4 Qc6 31. Ne5 Qb7 32. Nc4 Bxc4 33. dxc4 Qe4 34.
Bxc5 Rxc2 35. Re1 Qf5 36. Qe3 Rc3 37. Qf2 Rxb3 38. Bd4 Qd3 39. Bxg7 Kxg7 40.
Qc5 Qf5 41. Qxf5 gxf5 42. c5 Kf6 43. c6 Ke7 44. Rd1 Rc3 45. Rd7+ Ke8 46. Rb7 b3
47. Rb8+ Ke7 48. c7 Rxc7 49. Rxb3 Rc4 50. g3 h4 0-1

[Event "2016 Zone 4.3 Individual Chess Championships - Open"]
[Site "Hotel Riu Le Morne, Mauritius"]
[Date "2016.04.27"]
[Round "6"]
[Board "8"]
[White "MARIE, Patrick"]
[Black "GOORSAHYE, Antoine"]
[Result "1/2-1/2"]
[WhiteElo "2065"]
[BlackElo "1715"]
[PlyCount "70"]
[EventDate "2016.04.24"]
[EventRounds "9"]
[EventCountry "MRI"]

1. e4 e5 2. Nf3 Nc6 3. Bc4 Bc5 4. c3 d6 5. h3 Nf6 6. d3 a6 7. b4 Ba7 8. O-O h6
9. Be3 O-O 10. Bxa7 Rxa7 11. Nbd2 d5 12. exd5 Nxd5 13. Bxd5 Qxd5 14. Ne4 Bf5
15. Qe2 Raa8 16. Nh4 Bh7 17. Qf3 Rad8 18. Rfd1 b6 19. Nf5 Qe6 20. g4 Rd7 21.
Rd2 Ne7 22. Nxe7+ Rxe7 23. g5 Bxe4 24. dxe4 hxg5 25. Rad1 f5 26. exf5 Rxf5 27.
Qd5 Qxd5 28. Rxd5 Rf3 29. R5d3 Rxd3 30. Rxd3 Kf7 31. Kg2 Kf6 32. Rf3+ Kg6 33.
Rg3 Kh5 34. Re3 e4 35. Kg3 Kg6 1/2-1/2

[Event "2016 Zone 4.3 Individual Chess Championships - Open"]
[Site "Hotel Riu Le Morne, Mauritius"]
[Date "2016.04.29"]
[Round "7"]
[Board "1"]
[White "ALBERTO, Manuel"]
[Black "VAN RENSBURG, Ryan Pierre"]
[Result "1/2-1/2"]
[WhiteElo "2195"]
[BlackElo "2178"]
[PlyCount "60"]
[EventDate "2016.04.24"]
[EventRounds "9"]
[EventCountry "MRI"]

1. e4 c5 2. Nf3 Nc6 3. Bb5 Nf6 4. e5 Nd5 5. Nc3 Nc7 6. Bxc6 dxc6 7. O-O g6 8.
Ne4 Ne6 9. h3 Bg7 10. Re1 c4 11. Qe2 Qd5 12. b3 cxb3 13. c4 Qd8 14. axb3 Nf4
15. Qe3 Nd3 16. Nd6+ exd6 17. Qxd3 O-O 18. Bb2 dxe5 19. Qxd8 Rxd8 20. Bxe5 Be6
21. d4 b5 22. Bxg7 Kxg7 23. cxb5 cxb5 24. b4 a6 25. Re5 Bd5 26. Nd2 Rd6 27. Rc1
Be6 28. Nf3 Bd5 29. Nd2 Be6 30. Nf3 Bd5 1/2-1/2

[Event "2016 Zone 4.3 Individual Chess Championships - Open"]
[Site "Hotel Riu Le Morne, Mauritius"]
[Date "2016.04.29"]
[Round "7"]
[Board "2"]
[White "SOARES, Erikson"]
[Black "SILVA, David"]
[Result "0-1"]
[WhiteElo "2265"]
[BlackElo "2342"]
[PlyCount "27"]
[EventDate "2016.04.24"]
[EventRounds "9"]
[EventCountry "MRI"]

1. Nf3 Nf6 2. d4 g6 3. g3 Bg7 4. Bg2 O-O 5. O-O d6 6. c4 Nc6 7. h3 a6 8. Nc3
Rb8 9. a3 Na5 10. c5 dxc5 11. dxc5 e5 12. b4 Nc6 13. Rb1 Be6 14. Nh4 {not
readable} 0-1

[Event "2016 Zone 4.3 Individual Chess Championships - Open"]
[Site "Hotel Riu Le Morne, Mauritius"]
[Date "2016.04.29"]
[Round "7"]
[Board "3"]
[White "KOSTER, Jeroen Louis"]
[Black "PHILLIPS, Roy"]
[Result "0-1"]
[WhiteElo "1866"]
[BlackElo "2223"]
[PlyCount "45"]
[EventDate "2016.04.24"]
[EventRounds "9"]
[EventCountry "MRI"]

1. e4 g6 2. d4 Bg7 3. c4 d6 4. Nc3 c5 5. Be3 cxd4 6. Bxd4 Nf6 7. Be2 Nc6 8. Be3
O-O 9. Qd2 Qa5 10. Rc1 a6 11. h3 Bd7 12. Nf3 b5 13. a3 b4 14. axb4 Qxb4 15. Rb1
Na5 16. Nd5 Nxd5 17. exd5 Qxd2+ 18. Kxd2 Rac8 19. b3 Rb8 20. Nd4 Bxd4 21. Bxd4
Rxb3 22. Rxb3 Nxb3+ 23. Kc3 0-1

[Event "2016 Zone 4.3 Individual Chess Championships - Open"]
[Site "Hotel Riu Le Morne, Mauritius"]
[Date "2016.04.29"]
[Round "7"]
[Board "4"]
[White "JULIO, Joao Do Santos"]
[Black "GAEALAFSHWE, Barileng"]
[Result "0-1"]
[WhiteElo "2111"]
[BlackElo "2203"]
[PlyCount "58"]
[EventDate "2016.04.24"]
[EventRounds "9"]
[EventCountry "MRI"]

1. e4 c5 2. Nf3 d6 3. d4 cxd4 4. Nxd4 Nf6 5. Nc3 a6 6. Be2 e5 7. Nb3 Be6 8. a4
Nbd7 9. Be3 Rc8 10. O-O Be7 11. f3 O-O 12. Qd2 Nb6 13. Rad1 Qc7 14. Qe1 d5 15.
a5 Nc4 16. Bxc4 Qxc4 17. Nd2 Qc6 18. exd5 Nxd5 19. Nxd5 Bxd5 20. c3 f5 21. Kh1
Bf6 22. Bb6 Rce8 23. c4 Bf7 24. Rb1 e4 25. fxe4 Bh5 26. Rc1 Bg5 27. Be3 f4 28.
Bd4 f3 29. Be3 fxg2+ 0-1

[Event "2016 Zone 4.3 Individual Chess Championships - Open"]
[Site "Hotel Riu Le Morne, Mauritius"]
[Date "2016.04.29"]
[Round "7"]
[Board "5"]
[White "SAWMYNADEN, Righen Peroumal"]
[Black "DOMINGOS, Paulino"]
[Result "0-1"]
[WhiteElo "1694"]
[BlackElo "2178"]
[PlyCount "51"]
[EventDate "2016.04.24"]
[EventRounds "9"]
[EventCountry "MRI"]

1. d4 Nf6 2. c4 e6 3. Nf3 d5 4. g3 Be7 5. Bg2 O-O 6. O-O c6 7. Qc2 Nbd7 8. Rd1
b6 9. Bf4 Bb7 10. Nbd2 c5 11. dxc5 bxc5 12. cxd5 exd5 13. Ne5 Nxe5 14. Bxe5 Qb6
15. Qb3 Rfd8 16. Qxb6 axb6 17. Bc7 Rd7 18. Be5 Ng4 19. Nf3 Nxe5 20. Nxe5 Rdd8
21. Rd2 Bf6 22. Ng4 Bd4 23. e3 h5 24. Nh6+ gxh6 25. exd4 c4 26. b3 0-1

[Event "2016 Zone 4.3 Individual Chess Championships - Open"]
[Site "Hotel Riu Le Morne, Mauritius"]
[Date "2016.04.29"]
[Round "7"]
[Board "6"]
[White "RALISON, Milanto Harifidy"]
[Black "GOORSAHYE, Antoine"]
[Result "1-0"]
[WhiteElo "2132"]
[BlackElo "1715"]
[PlyCount "49"]
[EventDate "2016.04.24"]
[EventRounds "9"]
[EventCountry "MRI"]

1. e4 e5 2. Nf3 Nc6 3. Bc4 Bc5 4. b4 Bxb4 5. c3 Ba5 6. d4 d6 7. Qb3 Qe7 8. O-O
Nf6 9. d5 Nxe4 10. dxc6 Nc5 11. cxb7 Nxb7 12. Bd5 Bb6 13. Bc6+ Kd8 14. Ng5 Rf8
15. Bd5 Na5 16. Qd1 c6 17. Bf3 Kc7 18. Ne4 Rb8 19. Na3 d5 20. Nd2 e4 21. Be2 f5
22. Nb3 f4 23. Nd4 g5 24. Nac2 g4 25. Bxg4 1-0

[Event "2016 Zone 4.3 Individual Chess Championships - Open"]
[Site "Hotel Riu Le Morne, Mauritius"]
[Date "2016.04.29"]
[Round "7"]
[Board "7"]
[White "MARIE, Patrick"]
[Black "CHINASAMY, Devarajen"]
[Result "0-1"]
[WhiteElo "2065"]
[BlackElo "2030"]
[PlyCount "70"]
[EventDate "2016.04.24"]
[EventRounds "9"]
[EventCountry "MRI"]

1. e4 c5 2. Nc3 g6 3. f4 Nc6 4. Nf3 Bg7 5. Bc4 e6 6. f5 Nge7 7. fxe6 dxe6 8.
O-O O-O 9. d3 Na5 10. Bb3 Nxb3 11. axb3 Nc6 12. Be3 Nd4 13. Qd2 b6 14. Ne2
Nxe2+ 15. Qxe2 Bxb2 16. Ra2 Bg7 17. Bg5 Qc7 18. e5 Bb7 19. Bf6 a6 20. Nd2 Bxf6
21. exf6 h6 22. Ra4 Kh7 23. Rh4 g5 24. Rh3 Rg8 25. Ne4 Rg6 26. Rh5 Rag8 27. Rf3
g4 28. Rf2 Qd8 29. Qe3 Bxe4 30. Qxe4 Qd4 31. Re5 Qxe4 32. Rxe4 Rd8 33. Rff4 h5
34. b4 Rg5 35. d4 b5 0-1

[Event "2016 Zone 4.3 Individual Chess Championships - Open"]
[Site "Hotel Riu Le Morne, Mauritius"]
[Date "2016.04.30"]
[Round "8"]
[Board "1"]
[White "DOMINGOS, Paulino"]
[Black "ALBERTO, Manuel"]
[Result "1-0"]
[WhiteElo "2178"]
[BlackElo "2195"]
[PlyCount "99"]
[EventDate "2016.04.24"]
[EventRounds "9"]
[EventCountry "MRI"]

1. d4 Nf6 2. c4 c5 3. Nf3 e6 4. g3 d5 5. Bg2 cxd4 6. O-O dxc4 7. Nxd4 Bc5 8.
Qa4+ Qd7 9. Nb5 O-O 10. Qxc4 Qe7 11. Bg5 Nc6 12. Nd2 a6 13. Bxf6 gxf6 14. Nc3
Ne5 15. Qf4 Ng6 16. Qh6 Bd4 17. Nde4 f5 18. Ng5 f6 19. Nf3 Ba7 20. Rfd1 Bd7 21.
Nh4 Ne5 22. h3 Bc6 23. Bxc6 Nxc6 24. e4 fxe4 25. Nxe4 Nd4 26. Rd3 f5 27. Ng5
Rf6 28. Qh5 Qg7 29. Ngf3 Ne2+ 30. Kf1 Rh6 31. Qg5 Qxg5 32. Nxg5 Nd4 33. f4 e5
34. fxe5 f4 35. Rxd4 Bxd4 36. Nf5 Rh5 37. h4 Bxe5 38. g4 Rxg5 39. hxg5 Kf8 40.
Rc1 Re8 41. Kg2 Re6 42. Rh1 Kg8 43. Re1 Kf8 44. b3 Re8 45. Rh1 Kg8 46. Re1 Kf7
47. Kf3 Re6 48. Rh1 Kg8 49. Rd1 Kf7 50. Rd7+ 1-0

[Event "2016 Zone 4.3 Individual Chess Championships - Open"]
[Site "Hotel Riu Le Morne, Mauritius"]
[Date "2016.04.30"]
[Round "8"]
[Board "2"]
[White "VAN RENSBURG, Ryan Pierre"]
[Black "RALISON, Milanto Harifidy"]
[Result "1-0"]
[WhiteElo "2178"]
[BlackElo "2132"]
[PlyCount "65"]
[EventDate "2016.04.24"]
[EventRounds "9"]
[EventCountry "MRI"]

1. d4 Nf6 2. c4 g6 3. f3 Bg7 4. e4 d6 5. Nc3 O-O 6. Be3 e5 7. d5 c6 8. Qd2 cxd5
9. cxd5 a6 10. Nge2 b5 11. g4 Nbd7 12. Ng3 b4 13. Na4 Rb8 14. b3 Ne8 15. h4 f6
16. h5 Kf7 17. Rc1 Rg8 18. Bd3 Nc7 19. Rc6 Bf8 20. hxg6+ hxg6 21. Rh7+ Ke8 22.
Nb6 Be7 23. Qc2 Nxb6 24. Bxb6 Rxb6 25. Rxb6 Bd7 26. Rb7 Nb5 27. Bxb5 axb5 28.
Qc7 Qxc7 29. Rxc7 Kd8 30. Ra7 Re8 31. Rg7 f5 32. gxf5 gxf5 33. exf5 1-0

[Event "2016 Zone 4.3 Individual Chess Championships - Open"]
[Site "Hotel Riu Le Morne, Mauritius"]
[Date "2016.04.30"]
[Round "8"]
[Board "3"]
[White "SILVA, David"]
[Black "GAEALAFSHWE, Barileng"]
[Result "1-0"]
[WhiteElo "2342"]
[BlackElo "2203"]
[PlyCount "86"]
[EventDate "2016.04.24"]
[EventRounds "9"]
[EventCountry "MRI"]

1. e4 c5 2. Nf3 d6 3. d4 cxd4 4. Nxd4 Nf6 5. Nc3 a6 6. Be2 e5 7. Nb3 Be6 8. f4
Qc7 9. g4 exf4 10. g5 Nfd7 11. Bxf4 Ne5 12. Qd2 Nbd7 13. O-O-O O-O-O 14. Nd5
Bxd5 15. exd5 g6 16. Kb1 Bg7 17. Qb4 Qb6 18. Qc3+ Qc7 19. Qxc7+ Kxc7 20. h4 h6
21. Rhf1 hxg5 22. Bxg5 Rde8 23. Nd4 Bf6 24. b4 Bxg5 25. hxg5 Rh2 26. Rg1 Nb6
27. c4 Nbxc4 28. Rc1 b5 29. Rgf1 Kd7 30. Bxc4 bxc4 31. Nf3 Rh7 32. Nd2 Rc8 33.
Ne4 Rh2 34. Rf6 Rb8 35. Rxd6+ Ke7 36. Rxa6 Rxb4+ 37. Ka1 Nd3 38. Ra7+ Kd8 39.
Rf1 Re2 40. Ra8+ Ke7 41. d6+ Kd7 42. Rxf7+ Kc6 43. Rc7+ Kb6 1-0

[Event "2016 Zone 4.3 Individual Chess Championships - Open"]
[Site "Hotel Riu Le Morne, Mauritius"]
[Date "2016.04.30"]
[Round "8"]
[Board "4"]
[White "KOSTER, Jeroen Louis"]
[Black "SOARES, Erikson"]
[Result "0-1"]
[WhiteElo "1866"]
[BlackElo "2265"]
[PlyCount "54"]
[EventDate "2016.04.24"]
[EventRounds "9"]
[EventCountry "MRI"]

1. e4 e6 2. d4 d5 3. Nc3 Nf6 4. exd5 exd5 5. Bd3 c6 6. Nge2 Bd6 7. Ng3 O-O 8.
O-O Qc7 9. Re1 Bg4 10. Nce2 Ne4 11. f3 Nxg3 12. hxg3 Bh5 13. Nf4 Bg6 14. Bxg6
hxg6 15. Qd3 g5 16. Nh3 Bxg3 17. Nxg5 g6 18. Re2 Kg7 19. Nh3 Bh2+ 20. Kh1 Bd6
21. Bg5 Nd7 22. Rae1 Rh8 23. Kg1 Bh2+ 24. Kf1 Bg3 25. Rc1 Rh5 26. f4 Rxh3 27.
gxh3 Bxf4 0-1

[Event "2016 Zone 4.3 Individual Chess Championships - Open"]
[Site "Hotel Riu Le Morne, Mauritius"]
[Date "2016.04.30"]
[Round "8"]
[Board "5"]
[White "PHILLIPS, Roy"]
[Black "MARIE, Patrick"]
[Result "1-0"]
[WhiteElo "2223"]
[BlackElo "2065"]
[PlyCount "55"]
[EventDate "2016.04.24"]
[EventRounds "9"]
[EventCountry "MRI"]

1. c4 e5 2. g3 Nf6 3. Bg2 Be7 4. Nc3 Nc6 5. d3 O-O 6. e4 d6 7. Nge2 Bg4 8. O-O
Qd7 9. f3 Bh3 10. Be3 Bxg2 11. Kxg2 Nd8 12. d4 c6 13. Qd2 Ne6 14. d5 cxd5 15.
cxd5 Nc7 16. Qd3 Rfc8 17. Rfc1 Na6 18. Qd1 b5 19. a4 bxa4 20. Rxa4 Nc5 21. Rc4
Rab8 22. Bxc5 Rxc5 23. Rxc5 dxc5 24. Na4 g5 25. g4 Rb4 26. b3 c4 27. Rxc4 Rxc4
28. bxc4 1-0